01522nam a2200217 a 4500008004100000020001500041041000800056092001900064100002900083245005200112250001100164260003700175300001100212500008900223505070400312590005501016655001701071942001301088999001501101952018801116161215t2004 spa |||g ||| 000 f spa d a9505119194 aspa c808.8l75sROS1 aRosencof, Mauricio931014 aLas cartas que no llegaron /cMauricio Rosencof a1a ed. aBuenos Aires:bAlfaguara;c2004. a166 p. aRosencof, M. (2004). Las cartas que no llegaron. (1a ed.). Buenos Aires : Alfaguara. aDesde los campos de concentración nazis a la celdas de tortura de la dictadura uruguaya, retazos estremecedores de la historia de una familia, en testimonios de un niño, un joven, un hombre: una sola memoria para narrar realidades que empalidecen a la ficción. El autor lleva a cabo una profunda reflexión sobre su vida y la de los suyos ajustando los eslabones generacionales entre quienes lo precedieron y quienes lo sucederán. En un mundo convulsionado por guerras y separaciones, hay vínculos que se preservan empecinadamente; por eso adquieren un valor supremo las catas, mensajeras del ánimo, el afecto y el alivio para soledades y tristezas...aun aquellas que no se escribieron. aDonación Carozzi, Norma Aida. Proyecto 4to libro aNovela93091 2ddccLIT c2286d2286 00102ddc40708FICaBFMbBFMcCRd2017-02-20eDonación Carozzi, Norma. 2016l0o808.8 75 ROSp3743r2017-02-20tEj.1w2017-02-20yLITzProyecto 4to libro. Donación Carozzi Norma